Home beyond the house : transformation of life, place, and tradition in rural china /

Bibliographic Details
Main Author: Zhao, Wei, (Author)
Format: eBook
Language:English
Published: London, England ; New York, New York : Routledge, [2022]
Subjects:
Online Access:Click to View
LEADER 01699nam a2200409 i 4500
001 EBC7157864
003 MiAaPQ
005 20230418161932.0
006 m o d |
007 cr cnu||||||||
008 230418s2022 enka o 001 0 eng d
020 |z 9781032280158  |q (print) 
020 |a 9781000786804  |q (electronic bk.) 
035 |a (MiAaPQ)EBC7157864 
035 |a (Au-PeEL)EBL7157864 
035 |a (OCoLC)1355217639 
040 |a MiAaPQ  |b eng  |e rda  |e pn  |c MiAaPQ  |d MiAaPQ 
043 |a a-cc--- 
050 4 |a PS228.A74  |b .Z436 2022 
082 0 |a 810.9357  |2 23 
100 1 |a Zhao, Wei,  |e author. 
245 1 0 |a Home beyond the house :  |b transformation of life, place, and tradition in rural china /  |c Wei Zhao. 
264 1 |a London, England ;  |a New York, New York :  |b Routledge,  |c [2022] 
264 4 |c Ã2022 
300 |a 1 online resource (350 pages) :  |b illustrations 
336 |a text  |b txt  |2 rdacontent 
337 |a computer  |b c  |2 rdamedia 
338 |a online resource  |b cr  |2 rdacarrier 
500 |a Includes index. 
588 |a Description based on print version record. 
590 |a Electronic reproduction. Ann Arbor, MI : ProQuest, 2018. Available via World Wide Web. Access may be limited to ProQuest affiliated libraries. 
650 0 |a Vernacular architecture. 
651 0 |a China  |x Rural conditions. 
655 4 |a Electronic books. 
776 0 8 |i Print version:  |a Zhao, Wei.  |t Home beyond the house : transformation of life, place, and tradition in rural china.  |d London, England ; New York, New York : Routledge, c2022   |h 350 pages   |z 9781032280158 
797 2 |a ProQuest (Firm) 
856 4 0 |u https://ebookcentral.proquest.com/lib/matrademy/detail.action?docID=7157864  |z Click to View